000 00902nam a2200229Ia 4500
005 20250108125141.0
008 008 250107s9999 xx 000 0 hin d
020 _a978-81-930544-3-7
037 _aREF
040 _aCRL
_bhin
_cCRL
041 _ahin
_2hin
084 _az2 Q4.14,5B(RR)
084 _qCRL
100 _aवरूगीस, जिनो पी, ले.
_9160837
245 0 _aप्रयोजनमूलक हिन्दी की शैली एवं प्रयुक्ति पर भूमण्डलीकरण का प्रभाव
_cवरूगीस, जिनो पी, ले.
260 _aमथुरा, भारत
_bजवाहर पुस्तकालय
_c3473
300 _a88पृ0
365 _aINR
_b2700
650 _aहिन्दी भाषा
942 _cREF
_hz2 Q4.14,5B(RR)
999 _c1235861
_d1235861